Identification numbers and check digit schemes / (Record no. 6683)

MARC details
000 -LEADER
fixed length control field 00824cam a22001694a 4500
020 ## - INTERNATIONAL STANDARD BOOK NUMBER
ISBN 0883857200
050 00 - CALL NUMBER
Classification number QA241
Item number .K576
100 1# - AUTHOR
Personal name Kirtland, Joseph.
245 10 - TITLE
Title Identification numbers and check digit schemes /
Statement of responsibility, etc Joseph Kirtland.
260 ## - PUBLICATION INFORMATION
Place of publication Washington, DC :
Name of publisher Mathematical Association of America,
Year of publication c2001.
300 ## - DESCRIPTION
Number of Pages xi, 174 p. :
Other physical details ill. ;
Dimensions 26 cm.
500 ## - NOTES
General note Includes bibliographical references and index
505 ## - FORMATTED CONTENTS NOTE
Table of Content Chapter 1. Introduction --<br/>Chapter 2. Identification numbers and check digit schemes --<br/>Chapter 3. Number theory, check digit schemes, and cryptography --<br/>Chapter 4. Functions, permutations, and their applications --<br/>Chapter 5. Symmetry and rigid motions --<br/>Chapter 6. Group theory and applications --
650 #0 - SUBJECTS
Topical Term Number theory.
650 #0 - SUBJECTS
Topical Term Check digit schemes.
942 ## - ADDED ENTRY ELEMENTS (KOHA)
Koha item type Books
Holdings
Withdrawn status Lost status Home library Current library Shelving location Date acquired Full call number Accession Number Koha item type
    Methodist University Library Main Methodist University Library Main General Stacks 09/07/2017 QA241 .K576 4507 Books
Copyright © 2026  MUG Library